[Event "FIDE WCC Blitz Women 2019"]
[Site "Moscow"]
[Date "2019.12.30"]
[Round "11.41"]
[White "Strutinskaia, Galina"]
[Black "Bulatova, Kamaliya"]
[Result "1-0"]
[WhiteElo "2227"]
[BlackElo "2038"]
[Annotator "NA"]
[PlyCount "221"]
[EventDate "2019.12.29"]
[EventType "swiss"]
[EventCountry "RUS"]
[SourceTitle "playchess.com"]
[Source "ChessBase"]
[SourceQuality "1"]

1. c4 Nf6 2. Nc3 g6 3. g3 Bg7 4. Bg2 O-O 5. d4 c6 6. d5 cxd5 7. cxd5 d6 8. Nf3 a6 9. O-O b5 10. Qb3 Nbd7 11. Be3 Rb8 12. Nd4 Nc5 13. Qd1 Qc7 14. Rc1 b4 15. Na4 Bd7 16. Nxc5 dxc5 17. Nb3 c4 18. Bf4 Qd8 19. Rxc4 Bb5 20. Rc2 Rc8 21. Rd2 Ne8 22. Re1 Nd6 23. Nd4 Qb6 24. b3 Bd7 25. e4 Nb5 26. Nxb5 Qxb5 27. Rc2 Qa5 28. e5 Bf5 29. Rd2 Rfd8 30. h3 h5 31. Kh2 Rc3 32. d6 exd6 33. exd6 Bd7 34. Bg5 Rdc8 35. Qe2 Qxg5 36. Rd5 Qf6 37. Qxa6 Rc2 38. Re2 Rxe2 39. Qxe2 Bh6 40. Rd1 Bf8 41. Qd3 Qc3 42. Qa6 Qc2 43. Rd5 Rc6 44. Qa8 Rxd6 45. Rxd6 Qc8 46. Ra6 Qxa8 47. Rxa8 Kg7 48. Bd5 Bd6 49. Kg2 Be5 50. Ra7 Be8 51. f4 Bc3 52. Kf3 Kf6 53. g4 hxg4+ 54. hxg4 g5 55. fxg5+ Kxg5 56. Bxf7 Bc6+ 57. Kg3 Be5+ 58. Kh3 Bf3 59. Ra5 Bxg4+ 60. Kg2 Kf4 61. Bd5 Bc3 62. Bc6 Bd1 63. Kf2 Bc2 64. Ke2 Bb1 65. Bb5 Ke4 66. Ra8 Kd4 67. Rd8+ Kc5 68. Bd3 Bxa2 69. Bc2 Bb2 70. Ra8 Ba3 71. Kd3 Kb6 72. Kc4 Kb7 73. Be4+ Kc7 74. Bc2 Kd6 75. Ra5 Kc6 76. Ra6+ Kd7 77. Rg6 Ke7 78. Kd5 Bb2 79. Rg2 Bc3 80. Rh2 Kf6 81. Rf2+ Kg5 82. Ke4 Kg4 83. Rg2+ Kh3 84. Rg8 Bb2 85. Kf4 Bc1+ 86. Kf3 Kh4 87. Rg1 Bb2 88. Rg2 Bc3 89. Ke4 Kh3 90. Rg6 Kh4 91. Kf3 Kh5 92. Ra6 Bxb3 93. Bxb3 Kg5 94. Ke4 Kg4 95. Rg6+ Kh3 96. Rg8 Bd2 97. Bc4 Kh4 98. Be6 Bc3 99. Kf3 Kh5 100. Kf4 Bd2+ 101. Kf5 Kh4 102. Rg2 Bc3 103. Kf4 Kh5 104. Bf5 Kh6 105. Be6 Kh5 106. Bf5 Kh6 107. Rg6+ Kh7 108. Kg5 Bd2+ 109. Kh5 Kh8 110. Rd6 Kg7 111. Rxd2 1-0

[Event "FIDE WCC Blitz Women 2019"]
[Site "Moscow"]
[Date "2019.12.30"]
[Round "11.42"]
[White "Solozhenkina, Elizaveta"]
[Black "Khokhlova, Daria"]
[Result "1-0"]
[WhiteElo "2214"]
[BlackElo "2109"]
[Annotator "NA"]
[PlyCount "87"]
[EventDate "2019.12.29"]
[EventType "swiss"]
[EventCountry "RUS"]
[SourceTitle "playchess.com"]
[Source "ChessBase"]
[SourceQuality "1"]

1. Nf3 Nf6 2. g3 g6 3. d4 Bg7 4. Bg2 O-O 5. O-O c5 6. dxc5 Na6 7. Be3 Ne4 8. Bd4 Bxd4 9. Qxd4 Nexc5 10. e4 d6 11. Nc3 Nc7 12. Rad1 Bg4 13. h3 Bxf3 14. Bxf3 Qc8 15. Bg2 Rb8 16. a4 b6 17. Rfe1 b5 18. axb5 Nxb5 19. Nxb5 Rxb5 20. b3 a5 21. f4 Rb4 22. Qd2 Qb8 23. e5 dxe5 24. Rxe5 Ne6 25. Kh1 Rd8 26. Qe1 Rxd1 27. Qxd1 Rd4 28. Qe1 Qd6 29. Qxa5 Rd1+ 30. Kh2 Nd4 31. Rd5 Qf6 32. Qd8+ Kg7 33. c3 Nc6 34. Qd7 Rxd5 35. Qxd5 Nb8 36. Qb7 Qd6 37. b4 Nd7 38. c4 Nf6 39. c5 Qd2 40. b5 Nh5 41. Qf3 Qd4 42. c6 Qb6 43. Qc3+ Nf6 44. c7 1-0

[Event "FIDE WCC Blitz Women 2019"]
[Site "Moscow"]
[Date "2019.12.30"]
[Round "11.43"]
[White "Shumilina, Alexandra"]
[Black "Badelka, Olga"]
[Result "0-1"]
[WhiteElo "2139"]
[BlackElo "2186"]
[Annotator "NA"]
[PlyCount "62"]
[EventDate "2019.12.29"]
[EventType "swiss"]
[EventCountry "RUS"]
[SourceTitle "playchess.com"]
[Source "ChessBase"]
[SourceQuality "1"]

1. e4 c5 2. c3 Nf6 3. e5 Nd5 4. d4 cxd4 5. Qxd4 e6 6. Nf3 Nc6 7. Qe4 f5 8. Qe2 b5 9. g3 Be7 10. Bg2 a6 11. O-O O-O 12. b3 Bb7 13. Bb2 Rc8 14. Nbd2 b4 15. c4 Nb6 16. Rad1 Bc5 17. Rfe1 Qe7 18. Nf1 g5 19. Qd2 g4 20. Nd4 Rc7 21. Nxc6 Bxc6 22. Bxc6 dxc6 23. Bc1 Rd7 24. Qg5+ Qxg5 25. Bxg5 Rff7 26. Ne3 Rxd1 27. Rxd1 Rd7 28. Kf1 Rxd1+ 29. Nxd1 Nd7 30. Be3 Bxe3 31. Nxe3 Nxe5 0-1

[Event "FIDE WCC Blitz Women 2019"]
[Site "Moscow"]
[Date "2019.12.30"]
[Round "11.44"]
[White "Tomilova, Elena"]
[Black "Mikhaylova, Irina"]
[Result "1/2-1/2"]
[WhiteElo "2219"]
[BlackElo "2090"]
[Annotator "NA"]
[PlyCount "86"]
[EventDate "2019.12.29"]
[EventType "swiss"]
[EventCountry "RUS"]
[SourceTitle "playchess.com"]
[Source "ChessBase"]
[SourceQuality "1"]

1. e4 c5 2. Nf3 Nc6 3. Bb5 Na5 4. O-O a6 5. Be2 b5 6. Re1 e6 7. b3 Nf6 8. e5 Nd5 9. d4 cxd4 10. Qxd4 Bb7 11. c4 bxc4 12. bxc4 Nc6 13. Qg4 Nde7 14. Nc3 Nf5 15. Rb1 Rb8 16. Bd3 h5 17. Qf4 g6 18. h4 Ba8 19. Rxb8 Qxb8 20. Ne4 Be7 21. c5 a5 22. Nd6+ Nxd6 23. exd6 Bd8 24. Ne5 Nxe5 25. Qxe5 Rh7 26. Qg3 Kf8 27. Bd2 Qb2 28. Bg5 Bxg5 29. Qxg5 Kg7 30. Rb1 Qd4 31. Bxg6 fxg6 32. Rb8 Bc6 33. Qd8 Kh6 34. Qg5+ Kg7 35. Qe7+ Kh6 36. Qg5+ Kg7 37. Re8 Qd1+ 38. Kh2 Qg4 39. Qe7+ Kh6 40. Qf8+ Rg7 41. Qh8+ Rh7 42. Qf8+ Rg7 43. Qh8+ Rh7 1/2-1/2

[Event "FIDE WCC Blitz Women 2019"]
[Site "Moscow"]
[Date "2019.12.30"]
[Round "11.45"]
[White "Kovanova, Baira"]
[Black "Gvanceladze, Anna"]
[Result "1-0"]
[WhiteElo "2218"]
[BlackElo "2066"]
[Annotator "NA"]
[PlyCount "97"]
[EventDate "2019.12.29"]
[EventType "swiss"]
[EventCountry "RUS"]
[SourceTitle "playchess.com"]
[Source "ChessBase"]
[SourceQuality "1"]

1. Nf3 d5 2. g3 Nf6 3. Bg2 g6 4. O-O Bg7 5. d4 c6 6. b3 O-O 7. Bb2 Bf5 8. c4 a5 9. Nc3 Ne4 10. Ne5 Nxc3 11. Bxc3 a4 12. cxd5 cxd5 13. Rc1 Be4 14. Bxe4 dxe4 15. bxa4 Nd7 16. Qb3 Nxe5 17. dxe5 Qd7 18. e6 Qxa4 19. exf7+ Rxf7 20. Qxb7 Bxc3 21. Rxc3 Qxa2 22. Qxe4 Raf8 23. Rc7 Qa3 24. Qe6 Qd6 25. Qxd6 exd6 26. Rxf7 Kxf7 27. Rd1 Ke6 28. f4 Ra8 29. Kf2 Ra3 30. h3 h5 31. Rd3 Ra1 32. g4 hxg4 33. hxg4 Rh1 34. g5 Rh2+ 35. Kf3 Rh3+ 36. Ke4 Rh2 37. e3 Rf2 38. Ra3 Rb2 39. Ra8 Rb4+ 40. Kf3 d5 41. Rf8 Rb3 42. Rf6+ Ke7 43. Ke2 Rb2+ 44. Kd3 Rb3+ 45. Kd4 Ra3 46. Rxg6 Ra4+ 47. Kxd5 Ra5+ 48. Ke4 Ra4+ 49. Kf3 1-0

[Event "FIDE WCC Blitz Women 2019"]
[Site "Moscow"]
[Date "2019.12.30"]
[Round "11.46"]
[White "Song, Yuxin"]
[Black "Atalik, Ekaterina"]
[Result "0-1"]
[WhiteElo "2128"]
[BlackElo "2211"]
[Annotator "NA"]
[PlyCount "100"]
[EventDate "2019.12.29"]
[EventType "swiss"]
[EventCountry "RUS"]
[SourceTitle "playchess.com"]
[Source "ChessBase"]
[SourceQuality "1"]

1. e4 c6 2. d4 d5 3. e5 Bf5 4. Nf3 e6 5. Be2 Ne7 6. O-O Ng6 7. a4 Nd7 8. a5 Nh4 9. c3 Nxf3+ 10. Bxf3 Be7 11. b4 O-O 12. Be2 h6 13. Be3 Qc7 14. Nd2 Bh7 15. Nb3 f6 16. f4 b6 17. Bd3 Bxd3 18. Qxd3 c5 19. axb6 axb6 20. bxc5 bxc5 21. Nd2 f5 22. Rfb1 Rfb8 23. c4 Rxa1 24. Rxa1 cxd4 25. Bxd4 Nc5 26. Qc3 Ne4 27. Nxe4 dxe4 28. Ra7 Qd8 29. Ra1 Qd7 30. Ra7 Qe8 31. Ra1 Qc6 32. Rc1 Bc5 33. h3 Rd8 34. Bxc5 Qxc5+ 35. Kh2 Rd3 36. Qc2 Qe3 37. Rf1 Rd2 38. Qa4 Qe2 39. Qe8+ Kh7 40. Rg1 Qf2 41. Qxe6 Qxf4+ 42. Kh1 e3 43. c5 e2 44. Qb3 Qf2 45. Qb1 Rd5 46. c6 Rxe5 47. c7 e1=Q 48. Qxe1 Rxe1 49. Rxe1 Qxe1+ 50. Kh2 Qe5+ 0-1

[Event "FIDE WCC Blitz Women 2019"]
[Site "Moscow"]
[Date "2019.12.30"]
[Round "11.47"]
[White "Semenova, Elena"]
[Black "Lysenko, Margarita"]
[Result "0-1"]
[WhiteElo "2114"]
[BlackElo "2188"]
[Annotator "NA"]
[PlyCount "109"]
[EventDate "2019.12.29"]
[EventType "swiss"]
[EventCountry "RUS"]
[SourceTitle "playchess.com"]
[Source "ChessBase"]
[SourceQuality "1"]

1. e4 c5 2. Nf3 d6 3. d4 cxd4 4. Qxd4 a6 5. c4 Nc6 6. Qe3 Nf6 7. Nc3 g6 8. Be2 Bg7 9. h3 O-O 10. O-O Nd7 11. Rd1 Nc5 12. Rb1 a5 13. b3 f5 14. Bb2 fxe4 15. Nxe4 Nxe4 16. Bxg7 Kxg7 17. Qxe4 Bf5 18. Qe3 Bxb1 19. Rxb1 h6 20. Bd3 e5 21. Be4 Qf6 22. Rd1 Rad8 23. Qd2 Qf4 24. Qd3 Qf6 25. Qd2 Qf4 26. Qd3 Nb4 27. Qb1 Qf7 28. a3 Nc6 29. Bd5 Qf6 30. Qe4 Nd4 31. Nxd4 Qxf2+ 32. Kh1 exd4 33. Qxd4+ Qxd4 34. Rxd4 Rf1+ 35. Kh2 Rb1 36. Rd3 b6 37. Re3 Rd7 38. h4 h5 39. Kg3 Ra1 40. b4 axb4 41. axb4 Rda7 42. Re6 R1a2 43. Be4 R7a3+ 44. Kh2 Rc3 45. Rxg6+ Kf8 46. Rxd6 Rxc4 47. Bf3 Rxh4+ 48. Kg3 Rxb4 49. Bxh5 Ra3+ 50. Bf3 Rb2 51. Kf4 Rb5 52. g4 Ra4+ 53. Kg3 Rb3 54. g5 Kg7 55. Rc6 0-1

[Event "FIDE WCC Blitz Women 2019"]
[Site "Moscow"]
[Date "2019.12.30"]
[Round "11.48"]
[White "Dauletova, Gulmira"]
[Black "Karavaeva, Olga"]
[Result "1-0"]
[WhiteElo "2112"]
[BlackElo "2174"]
[Annotator "NA"]
[PlyCount "43"]
[EventDate "2019.12.29"]
[EventType "swiss"]
[EventCountry "RUS"]
[SourceTitle "playchess.com"]
[Source "ChessBase"]
[SourceQuality "1"]

1. e4 c5 2. Nc3 Nc6 3. g3 g6 4. Bg2 Bg7 5. Nge2 e6 6. d3 Nge7 7. O-O O-O 8. Be3 b6 9. d4 d6 10. Qd2 Bb7 11. Rad1 c4 12. d5 exd5 13. exd5 Ne5 14. h3 a6 15. a4 Re8 16. Nd4 Nd7 17. Bh6 Bh8 18. Bg5 Qc7 19. Rfe1 Nc5 20. Qf4 Bc8 21. Nc6 Nxc6 22. Rxe8+ 1-0

[Event "FIDE WCC Blitz Women 2019"]
[Site "Moscow"]
[Date "2019.12.30"]
[Round "11.49"]
[White "Ovod, Evgenija"]
[Black "Borisova, Ekaterina"]
[Result "0-1"]
[WhiteElo "2163"]
[BlackElo "2029"]
[Annotator "NA"]
[PlyCount "89"]
[EventDate "2019.12.29"]
[EventType "swiss"]
[EventCountry "RUS"]
[SourceTitle "playchess.com"]
[Source "ChessBase"]
[SourceQuality "1"]

1. e4 d6 2. d4 Nf6 3. Bd3 e5 4. c3 g6 5. Nf3 Nbd7 6. O-O Bg7 7. Nbd2 O-O 8. Re1 Re8 9. a4 c6 10. a5 Rb8 11. Nf1 Qc7 12. h3 b5 13. axb6 axb6 14. Bg5 h6 15. Bh4 Bb7 16. Bg3 b5 17. Qc2 Nh5 18. Bh2 Nf4 19. Bxf4 exf4 20. N1h2 c5 21. Bxb5 cxd4 22. Bxd7 Qxd7 23. Nxd4 Rbc8 24. Qd3 d5 25. exd5 Qxd5 26. Nhf3 g5 27. Rxe8+ Rxe8 28. Rd1 Rd8 29. Rd2 Bf6 30. Qf5 Qxf5 31. Nxf5 Ra8 32. Nxh6+ Kg7 33. Nf5+ Kg6 34. N5d4 Ra1+ 35. Kh2 Be4 36. Ng1 Rf1 37. f3 Bb7 38. Nge2 Be7 39. b4 f5 40. Ne6 Ba6 41. N2d4 Rc1 42. b5 Bc8 43. Rd3 Bf6 44. b6 Rb1 45. Nc5 0-1

[Event "FIDE WCC Blitz Women 2019"]
[Site "Moscow"]
[Date "2019.12.30"]
[Round "11.50"]
[White "Manakova, Maria"]
[Black "Nosacheva, Mariya"]
[Result "0-1"]
[WhiteElo "2149"]
[BlackElo "2062"]
[Annotator "NA"]
[PlyCount "53"]
[EventDate "2019.12.29"]
[EventType "swiss"]
[EventCountry "RUS"]
[SourceTitle "playchess.com"]
[Source "ChessBase"]
[SourceQuality "1"]

1. e4 e5 2. Nf3 Nc6 3. Bc4 Bc5 4. O-O Nf6 5. d3 O-O 6. c3 Bb6 7. h3 d5 8. exd5 Nxd5 9. Re1 Be6 10. Bb3 Re8 11. Ng5 Nf4 12. Bxf4 exf4 13. Nxe6 fxe6 14. Bxe6+ Kh8 15. Na3 f3 16. Nc4 fxg2 17. Nxb6 axb6 18. Qh5 Qf6 19. Qf5 Rf8 20. Qxf6 Rxf6 21. d4 Raf8 22. Re2 Nd8 23. Bd7 Nf7 24. Re8 Rxe8 25. Bxe8 Nd6 26. Bh5 g6 27. Bg4 0-1

[Event "FIDE WCC Blitz Women 2019"]
[Site "Moscow"]
[Date "2019.12.30"]
[Round "11.51"]
[White "Belenkaya, Dina"]
[Black "Geller, Anastasiya"]
[Result "0-1"]
[WhiteElo "2203"]
[BlackElo "2073"]
[Annotator "NA"]
[PlyCount "80"]
[EventDate "2019.12.29"]
[EventType "swiss"]
[EventCountry "RUS"]
[SourceTitle "playchess.com"]
[Source "ChessBase"]
[SourceQuality "1"]

1. e4 c6 2. d3 d5 3. Nd2 e5 4. Ngf3 Nd7 5. g3 g6 6. Bg2 Bg7 7. O-O Ngf6 8. b3 O-O 9. Bb2 Re8 10. Re1 Qc7 11. a4 a5 12. exd5 cxd5 13. c4 d4 14. Ba3 Nc5 15. Qc2 Bf5 16. Bxc5 Qxc5 17. Ng5 Qc7 18. Nb1 h6 19. Ne4 Nxe4 20. dxe4 Bd7 21. Na3 Rad8 22. Qd3 Qc5 23. Nb5 b6 24. Re2 Bc6 25. Rae1 Re7 26. f4 Rde8 27. Kh1 f5 28. exf5 gxf5 29. fxe5 Rxe5 30. Rxe5 Rxe5 31. Rxe5 Bxg2+ 32. Kxg2 Qxe5 33. Kf3 Qe1 34. Qxf5 Qf1+ 35. Kg4 Qe2+ 36. Kh3 d3 37. Qc8+ Bf8 38. Qd7 d2 39. Nc3 Qh5+ 40. Kg2 Qg5 0-1

[Event "FIDE WCC Blitz Women 2019"]
[Site "Moscow"]
[Date "2019.12.30"]
[Round "11.52"]
[White "Komiagina, Maria"]
[Black "Muetsch, Annmarie"]
[Result "1-0"]
[WhiteElo "2106"]
[BlackElo "2202"]
[Annotator "NA"]
[PlyCount "83"]
[EventDate "2019.12.29"]
[EventType "swiss"]
[EventCountry "RUS"]
[SourceTitle "playchess.com"]
[Source "ChessBase"]
[SourceQuality "1"]

1. e4 c5 2. Nf3 Nc6 3. Bb5 g6 4. Bxc6 dxc6 5. d3 Bg7 6. h3 e5 7. Nc3 Qc7 8. Be3 b6 9. Qd2 Ne7 10. Bh6 O-O 11. Bxg7 Kxg7 12. O-O-O b5 13. Kb1 f6 14. h4 h5 15. Nh2 Be6 16. Nf1 Qa5 17. b3 Rad8 18. Ne2 Qa3 19. Qc3 c4 20. Ne3 cxd3 21. cxd3 c5 22. f4 Nc6 23. Nc2 Qa6 24. Qxc5 Rc8 25. Qd6 Bf7 26. fxe5 fxe5 27. Rhf1 Rcd8 28. Qf6+ Kg8 29. Ng3 Qc8 30. Nxh5 gxh5 31. Qg5+ Kh8 32. Rf6 Bg8 33. Qxh5+ Bh7 34. Rh6 Rd7 35. Ne3 Rdf7 36. Rc1 Rc7 37. Rcxc6 Rxc6 38. Rxh7+ Kg8 39. Rh8+ Kg7 40. Qh7+ Kf6 41. Nd5+ Ke6 42. Qe7# 1-0

[Event "FIDE WCC Blitz Women 2019"]
[Site "Moscow"]
[Date "2019.12.30"]
[Round "11.53"]
[White "Ovezdurdiyeva, Jemal"]
[Black "Yakimova, Mariya"]
[Result "0-1"]
[WhiteElo "1877"]
[BlackElo "2128"]
[Annotator "NA"]
[PlyCount "64"]
[EventDate "2019.12.29"]
[EventType "swiss"]
[EventCountry "RUS"]
[SourceTitle "playchess.com"]
[Source "ChessBase"]
[SourceQuality "1"]

1. d4 f5 2. c4 Nf6 3. Nc3 e6 4. g3 d5 5. Bg2 c6 6. Nf3 Bd6 7. O-O O-O 8. Ne5 Nbd7 9. Bf4 Qe7 10. c5 Bxe5 11. dxe5 Ng4 12. h3 Ngxe5 13. b4 Nc4 14. Qb3 Nf6 15. Rad1 e5 16. Bg5 Be6 17. Qc2 Rad8 18. Na4 h6 19. Bc1 Ne4 20. Nb2 Nxb2 21. Bxb2 d4 22. Bxe4 fxe4 23. Qxe4 Bxh3 24. Rfe1 Qf7 25. f3 Qxa2 26. Bc1 Qe6 27. Kf2 Bf5 28. Qh4 Qf6 29. Qxf6 Rxf6 30. e3 Bg4 31. f4 Bxd1 32. Rxd1 dxe3+ 0-1

[Event "FIDE WCC Blitz Women 2019"]
[Site "Moscow"]
[Date "2019.12.30"]
[Round "11.54"]
[White "Novikova, Anna"]
[Black "Zhuravleva, Olga"]
[Result "0-1"]
[WhiteElo "2045"]
[BlackElo "2127"]
[Annotator "NA"]
[PlyCount "124"]
[EventDate "2019.12.29"]
[EventType "swiss"]
[EventCountry "RUS"]
[SourceTitle "playchess.com"]
[Source "ChessBase"]
[SourceQuality "1"]

1. e4 e5 2. Nf3 Nc6 3. Bc4 Nf6 4. d3 d5 5. exd5 Nxd5 6. O-O Bc5 7. Re1 O-O 8. Nbd2 Nb6 9. Bb3 Bg4 10. h3 Bh5 11. Ne4 Bd6 12. Ng3 Bg6 13. Bg5 Qd7 14. Nh4 Nd4 15. Nxg6 hxg6 16. Ne4 Nxb3 17. axb3 a6 18. Bd2 Nd5 19. Qf3 Be7 20. Bc3 f6 21. Rad1 Rad8 22. Ng3 Qc6 23. Qe4 f5 24. Qc4 Qxc4 25. bxc4 Nxc3 26. bxc3 Bf6 27. Ne2 Ra8 28. Ra1 Rfd8 29. Reb1 b6 30. g4 a5 31. Kg2 Kf7 32. Ng3 Be7 33. gxf5 gxf5 34. Nxf5 Bc5 35. Ng3 a4 36. Ne4 Be7 37. Kf3 Rh8 38. Kg2 Rh6 39. Rf1 Rg6+ 40. Kh2 a3 41. Ra2 Rh8 42. f4 exf4 43. Rxf4+ Ke8 44. Rf3 Kd7 45. c5 Ra8 46. cxb6 Rxb6 47. Rf1 Rb2 48. Rfa1 Rab8 49. d4 Ke6 50. Nc5+ Bxc5 51. dxc5 Rxa2 52. Rxa2 Ra8 53. c4 Kd7 54. Kg3 Kc6 55. Kf3 Kxc5 56. Ke3 Kxc4 57. Kd2 c5 58. h4 g6 59. Ra1 a2 60. Kd1 Kc3 61. Kc1 Rf8 62. Kd1 Rf1+ 0-1

[Event "FIDE WCC Blitz Women 2019"]
[Site "Moscow"]
[Date "2019.12.30"]
[Round "11.55"]
[White "Fatianova, Tatiana"]
[Black "Druzhinina, Olga"]
[Result "0-1"]
[WhiteElo "2029"]
[BlackElo "2245"]
[Annotator "NA"]
[PlyCount "68"]
[EventDate "2019.12.29"]
[EventType "swiss"]
[EventCountry "RUS"]
[SourceTitle "playchess.com"]
[Source "ChessBase"]
[SourceQuality "1"]

1. e4 c5 2. Nc3 d6 3. f4 Nc6 4. Nf3 g6 5. Bc4 Bg7 6. O-O e6 7. d3 Nge7 8. Qe1 Nd4 9. Nxd4 cxd4 10. Ne2 O-O 11. Bb3 d5 12. e5 Nf5 13. Qf2 Qb6 14. c3 dxc3 15. bxc3 Qa6 16. Rd1 Bd7 17. g4 Ne7 18. Nd4 f6 19. Qg3 Nc6 20. Nxc6 bxc6 21. d4 c5 22. Be3 cxd4 23. Bxd4 fxe5 24. Bxe5 Bxe5 25. fxe5 Qe2 26. Rf1 Bb5 27. Rf2 Rxf2 28. Qxf2 Qxg4+ 29. Qg3 Qf5 30. a4 Bd3 31. c4 dxc4 32. Qg2 Rf8 33. Rd1 cxb3 34. Qd2 Qg4+ 0-1

[Event "FIDE WCC Blitz Women 2019"]
[Site "Moscow"]
[Date "2019.12.30"]
[Round "11.56"]
[White "Munkhzul, Davaakhuu"]
[Black "Paramzina, Anastasya"]
[Result "0-1"]
[WhiteElo "1973"]
[BlackElo "2203"]
[Annotator "NA"]
[PlyCount "46"]
[EventDate "2019.12.29"]
[EventType "swiss"]
[EventCountry "RUS"]
[SourceTitle "playchess.com"]
[Source "ChessBase"]
[SourceQuality "1"]

1. e4 c5 2. Nf3 d6 3. d4 Nf6 4. Nc3 cxd4 5. Nxd4 a6 6. Nb3 Nbd7 7. Be3 h5 8. Be2 e6 9. Qd2 b5 10. f3 Bb7 11. O-O-O Be7 12. h3 b4 13. Nb1 d5 14. exd5 Nxd5 15. f4 Nxe3 16. Qxe3 Qc7 17. N1d2 Rc8 18. Bd3 Nf6 19. Kb1 Nd5 20. Qd4 Bf6 21. Qf2 Nc3+ 22. bxc3 Qxc3 23. Nc4 Rxc4 0-1

[Event "FIDE WCC Blitz Women 2019"]
[Site "Moscow"]
[Date "2019.12.30"]
[Round "11.57"]
[White "Sgircea, Silvia-Raluca"]
[Black "Bogumil, Tatiana"]
[Result "0-1"]
[WhiteElo "2154"]
[BlackElo "1996"]
[Annotator "NA"]
[PlyCount "125"]
[EventDate "2019.12.29"]
[EventType "swiss"]
[EventCountry "RUS"]
[SourceTitle "playchess.com"]
[Source "ChessBase"]
[SourceQuality "1"]

1. Nf3 Nf6 2. c4 g6 3. g3 b6 4. Bg2 Bb7 5. O-O Bg7 6. d4 c5 7. Nc3 O-O 8. h3 d6 9. Be3 Ne4 10. Qc2 Nxc3 11. Qxc3 Nd7 12. Qd2 Re8 13. d5 b5 14. cxb5 a6 15. bxa6 Bxa6 16. Rfe1 Nb6 17. b3 Bxa1 18. Rxa1 Nd7 19. Ne1 Qb6 20. Nd3 Bb7 21. Qc2 Nf6 22. Qc4 Ba6 23. Qc3 Bxd3 24. Qxd3 Qa6 25. Qc2 Reb8 26. Bh6 Rc8 27. Bf1 Qb7 28. e4 Qb4 29. Bd3 Qd4 30. Rd1 Qb4 31. Bc4 Rc7 32. a4 Nd7 33. Qb2 f6 34. Qe2 Nb6 35. Rc1 Nxc4 36. bxc4 Rxa4 37. Qg4 Qb8 38. h4 Qc8 39. Qf3 Rca7 40. h5 Ra1 41. hxg6 Rxc1+ 42. Bxc1 hxg6 43. Kg2 Ra2 44. Bf4 Qa6 45. Qg4 Kg7 46. Qe6 Qb7 47. g4 g5 48. Be3 Ra7 49. f4 gxf4 50. Bxf4 Qd7 51. Qf5 Qxf5 52. exf5 Ra4 53. g5 Rxc4 54. Kf3 fxg5 55. Bxg5 Kf7 56. Be3 Rc3 57. Ke4 Rxe3+ 58. Kxe3 Kf6 59. Kf4 c4 60. Ke4 c3 61. Kd3 Kxf5 62. Kxc3 Ke5 63. Kc4 0-1

[Event "FIDE WCC Blitz Women 2019"]
[Site "Moscow"]
[Date "2019.12.30"]
[Round "11.58"]
[White "Antonova, Nadezhda"]
[Black "Barchuk, Irina"]
[Result "0-1"]
[WhiteElo "1914"]
[BlackElo "2047"]
[Annotator "NA"]
[PlyCount "60"]
[EventDate "2019.12.29"]
[EventType "swiss"]
[EventCountry "RUS"]
[SourceTitle "playchess.com"]
[Source "ChessBase"]
[SourceQuality "1"]

1. d4 Nf6 2. Nf3 g6 3. Nbd2 Bg7 4. e4 d6 5. Bd3 O-O 6. O-O c5 7. c3 a6 8. a4 b6 9. Re1 Bb7 10. Qe2 cxd4 11. cxd4 Nc6 12. h3 e6 13. Nf1 Nd7 14. Be3 Nb4 15. Bb1 e5 16. d5 h6 17. Qd2 a5 18. Bxh6 Nc5 19. Ng3 Nb3 20. Qe3 Nxa1 21. Bxg7 Kxg7 22. h4 Nac2 23. Qd2 Nxe1 24. Qxe1 Rc8 25. Kh2 Ba6 26. Qe3 Rc5 27. Ng5 Qf6 28. h5 Rh8 29. Kg1 Qf4 30. Qe1 Rc1 0-1

[Event "FIDE WCC Blitz Women 2019"]
[Site "Moscow"]
[Date "2019.12.30"]
[Round "11.59"]
[White "Afonasieva, Anna"]
[Black "Shafigullina, Zarina"]
[Result "1-0"]
[WhiteElo "2099"]
[BlackElo "2052"]
[Annotator "NA"]
[PlyCount "85"]
[EventDate "2019.12.29"]
[EventType "swiss"]
[EventCountry "RUS"]
[SourceTitle "playchess.com"]
[Source "ChessBase"]
[SourceQuality "1"]

1. d4 Nf6 2. Nf3 e6 3. c4 b6 4. g3 Ba6 5. Qc2 Bb7 6. Bg2 Be4 7. Qd1 d5 8. O-O c6 9. Nc3 Bg6 10. Ne5 Nfd7 11. Bf4 Nxe5 12. Bxe5 Nd7 13. Bf4 Be7 14. Qa4 Qc8 15. Rac1 Qb7 16. e4 dxc4 17. Qxc4 Nf6 18. d5 cxd5 19. exd5 Rc8 20. Qb5+ Qd7 21. dxe6 fxe6 22. Qxd7+ Nxd7 23. Rfe1 Kf7 24. Nb5 a6 25. Nc7 Bf5 26. Nxa6 Bf6 27. b4 Bb2 28. Rxc8 Rxc8 29. h4 h5 30. Bf3 g6 31. g4 Bd3 32. Rd1 Bxa6 33. Rxd7+ Ke8 34. Rh7 Bd3 35. Be3 b5 36. Bc5 Bf6 37. Ra7 Bc4 38. a3 Bb2 39. Ra6 Bc3 40. Ra7 Bb2 41. Be4 g5 42. Bg6+ Kd8 43. Be7# 1-0

[Event "FIDE WCC Blitz Women 2019"]
[Site "Moscow"]
[Date "2019.12.30"]
[Round "11.60"]
[White "Agrest, Inna"]
[Black "Nur-Mukhametova, Alisa"]
[Result "1/2-1/2"]
[WhiteElo "2180"]
[BlackElo "1832"]
[Annotator "NA"]
[PlyCount "192"]
[EventDate "2019.12.29"]
[EventType "swiss"]
[EventCountry "RUS"]
[SourceTitle "playchess.com"]
[Source "ChessBase"]
[SourceQuality "1"]

1. e4 c5 2. Nf3 e6 3. d4 cxd4 4. Nxd4 Nf6 5. Nc3 d6 6. g4 h6 7. Rg1 Nc6 8. Be3 a6 9. h4 d5 10. Nxc6 bxc6 11. g5 hxg5 12. hxg5 Nxe4 13. Nxe4 dxe4 14. Qxd8+ Kxd8 15. O-O-O+ Bd7 16. Bg2 Rh4 17. Rd2 Kc7 18. Rgd1 Be8 19. Bd4 Be7 20. Be5+ Kb6 21. Kb1 Bxg5 22. Rd4 f5 23. Rb4+ Ka5 24. a3 Ra7 25. Bc3 Bf6 26. Rbd4+ Kb6 27. Rd6 Bxc3 28. bxc3 Kc7 29. Rxe6 Bd7 30. Rg6 Rg4 31. Rxg4 fxg4 32. Bxe4 Kc8 33. Rh1 Rb7+ 34. Kc1 Kc7 35. Rh7 Kb6 36. Rxg7 Be6 37. Rg6 Re7 38. Bd3 a5 39. a4 Kc7 40. Kd2 Kd6 41. c4 Kc5 42. Kc3 Kd6 43. Bf5 Ke5 44. Bxe6 Rxe6 45. Rxg4 Rf6 46. Rg5+ Kd6 47. Rxa5 Rxf2 48. Rh5 Rf3+ 49. Kb4 Rf2 50. Kb3 Rf3+ 51. c3 Rf8 52. c5+ Ke6 53. Kb4 Rb8+ 54. Kc4 Ra8 55. Rh6+ Kd7 56. Kb3 Rb8+ 57. Kc4 Ra8 58. Kb4 Rb8+ 59. Ka5 Ra8+ 60. Kb6 Rxa4 61. Rd6+ Ke7 62. Kxc6 Ra6+ 63. Kd5 Ra3 64. c4 Rd3+ 65. Kc6 Rc3 66. Rd4 Rb3 67. Re4+ Kd8 68. Rh4 Rc3 69. Rh8+ Ke7 70. Rh7+ Kd8 71. Kd5 Rd3+ 72. Ke4 Rc3 73. Kd4 Rg3 74. c6 Rg5 75. Rd7+ Kc8 76. Rd5 Rg4+ 77. Kc5 Rg3 78. Rh5 Kc7 79. Rh7+ Kc8 80. c7 Rg6 81. Kb5 Rg5+ 82. c5 Rg6 83. Rf7 Rh6 84. c6 Rh1 85. Kc5 Rc1+ 86. Kd6 Rd1+ 87. Ke6 Re1+ 88. Kd6 Rd1+ 89. Kc5 Rc1+ 90. Kb5 Rb1+ 91. Kc4 Rc1+ 92. Kd5 Rd1+ 93. Ke6 Re1+ 94. Kd6 Rd1+ 95. Ke7 Kxc7 96. Kf8+ Kxc6 1/2-1/2

[Event "FIDE WCC Blitz Women 2019"]
[Site "Moscow"]
[Date "2019.12.30"]
[Round "12.1"]
[White "Lagno, Kateryna"]
[Black "Muzychuk, Anna"]
[Result "1/2-1/2"]
[WhiteElo "2606"]
[BlackElo "2504"]
[Annotator "ChessBase"]
[PlyCount "48"]
[EventDate "2019.12.29"]
[EventType "swiss"]
[EventCountry "RUS"]
[SourceTitle "playchess.com"]
[Source "ChessBase"]
[SourceQuality "1"]

1. e4 c5 2. Nf3 Nc6 3. Bb5 g6 4. Bxc6 bxc6 5. O-O Bg7 6. Re1 Nf6 7. e5 Nd5 8. c4 Nc7 9. Nc3 O-O 10. d4 cxd4 11. Qxd4 Ne6 12. Qh4 f6 13. Ne4 fxe5 14. Nfg5 Nxg5 15. Bxg5 Qb6 16. c5 Qxb2 17. a4 d5 18. cxd6 exd6 19. Nxd6 Qd4 20. Qxd4 exd4 21. Be7 Rf4 22. Bg5 Rf8 23. Be7 Rf4 24. Bg5 Rf8 1/2-1/2